Continuing professional development (Record no. 103483)

MARC details
000 -LEADER
fixed length control field 00843cam a2200217 4500
001 - CONTROL NUMBER
control field L125861
008 - FIXED-LENGTH DATA ELEMENTS--GENERAL INFORMATION
fixed length control field 040419n2004 000 0 eng u
020 ## - INTERNATIONAL STANDARD BOOK NUMBER
International Standard Book Number 184334081X
035 ## - SYSTEM CONTROL NUMBER
System control number (Sirsi) u125861
041 ## - LANGUAGE CODE
Language code of text/sound track or separate title eng
050 ## - LIBRARY OF CONGRESS CALL NUMBER
Classification number 023.5
-- 18
100 ## - MAIN ENTRY--PERSONAL NAME
Personal name Brine, Alan
245 ## - TITLE STATEMENT
Title Continuing professional development
Remainder of title a guide for information professionals
260 ## - PUBLICATION, DISTRIBUTION, ETC.
Place of publication, distribution, etc. Oxford
Name of publisher, distributor, etc. Chandos
Date of publication, distribution, etc. 2004
300 ## - PHYSICAL DESCRIPTION
Extent xi,179p.
Dimensions 24cm.
350 ## - PRICE (NR) (BK AM CF MU VM SE) [OBSOLETE]
Price 39
490 ## - SERIES STATEMENT
Series statement Chandos Information Professional Series
520 ## - SUMMARY, ETC.
Summary, etc. Provides a guide to all aspects of CPD for information professionals. Discusses: skills, strengths and weaknesses; using portfolios to record professional development; programmes for development; support; and continuing career development.
690 ## - LOCAL SUBJECT ADDED ENTRY--TOPICAL TERM (OCLC, RLIN)
Topical term or geographic name as entry element MANAGEMENT-BUSINESS MANAGEMENT-INFORMATION MANAGEMENT
942 ## - ADDED ENTRY ELEMENTS (KOHA)
Suppress in OPAC 0
Holdings
Withdrawn status Lost status Source of classification or shelving scheme Damaged status Not for loan Home library Current library Shelving location Date acquired Cost, normal purchase price Total Checkouts Full call number Barcode Date last seen Date last checked out Copy number Cost, replacement price Price effective from Koha item type
    Dewey Decimal Classification     London London Books 19/04/2005 33.15 1 023.5 BRI 30069775 06/08/2019 10/09/2007 1 33.15 06/08/2019 Book